000 01001nam a22002657a 4500
005 20240530110518.0
008 160210s2012 ua a f 000 0cara d
017 _a2012/5756
_bمصر . دار الكتب المصرية
020 _a9789775023216
040 _aEG-CaGPL
082 0 4 _221
_a926.291
_bق/أ ن
100 0 _aاحمد زايد .
245 1 2 _aالنسور الذهبية /
_cاحمد زايد ، عبدالله عمران ، احمد عادل .
250 _aط1.
260 _aالقاهرة :
_bدار كتابات ،
_c2012 .
300 _a199 ص :
_bايض ؛
_c24 سم.
650 0 4 _aالطيارون المصريون
_vمذكرات .
650 0 4 _aحرب الاستنزاف .
650 0 4 _aحرب يونيو 1967
_zمصر .
650 0 4 _aحرب اكتوبر 1973
_zمصر .
700 0 _aعبدالله عمران
_eمؤلف مشارك .
700 0 _aاحمد عادل
_eمؤلف مشارك .
942 _2ddc
_cBK
999 _c61840
_d61840